Bauer,Anne M. (Record no. 3587)
[ view plain ]
| 000 -LEADER | |
|---|---|
| fixed length control field | 00429nam a2200133Ia 4500 |
| 008 - FIXED-LENGTH DATA ELEMENTS--GENERAL INFORMATION | |
| fixed length control field | 151015s9999 xx 000 0 und d |
| 020 ## - INTERNATIONAL STANDARD BOOK NUMBER | |
| International Standard Book Number | 130101745 |
| 050 ## - LIBRARY OF CONGRESS CALL NUMBER | |
| Classification number | LC 4165.B38 1999 |
| 245 ## - TITLE STATEMENT | |
| Title | Bauer,Anne M. |
| 250 ## - EDITION STATEMENT | |
| Edition statement | _Learners with emotional and behavioral disorders An introduction Anne M. Bauer |
| 300 ## - PHYSICAL DESCRIPTION | |
| Extent | New Jersey Merrill 1999 |
| 650 ## - SUBJECT ADDED ENTRY--TOPICAL TERM | |
| Topical term or geographic name as entry element | _Emotional and behavioral disorder |
| 700 ## - ADDED ENTRY--PERSONAL NAME | |
| Personal name | ^d20120827 04:20:36^oanne |
No items available.